000
00295nam a22001097a 4500
082
_a
512.9434 LEW'A
100
_a
PRYCE, D. G,LEWIS, W. E
_9
78215
245
_a
THE APPLICATIONS OF MATRIX THEORY TO ELECTRICAL ENGINEERING
260
_a
LONDON
_b
E & F N SPOVE
_c
1965
300
_a
195P
942
_c
BK
999
_c
583373
_d
583373